000 00806nam a2200253Ia 4500
003 GCL
008 140319s9999 xx 000 0 ara d
040 _aGCL /
_cGCL
082 0 4 _a345.07
_bع ا
100 1 _aعلى عبدالعال العيسوى
245 1 0 _aاسرار المحاكمات السياسية من واقع سجلات المحاكم /
_cعلى عبدالعال العيسوى
260 _a[S.N] :
_bالمكتبة الثقافية ،
_c1994
300 _a215
490 _a
650 0 4 _aالعصر الحديث
650 0 4 _aالقانون
650 0 4 _aمصر
650 0 4 _aتاريخ
650 0 4 _aالاغتيال
650 0 4 _aالجرائم السياسية
650 0 4 _aالمحاكم الجنائية
650 0 4 _aثورة 23 يوليو 1952
942 _2ddc
_cBK
999 _c55611
_d55611